000 00407nam a2200181Ia 4500
005 20240823010557.0
008 240823s9999||||xx |||||||||||||| ||und||
041 _aENGLISH
082 _A658.47 N8
100 _aShiv Khera
245 0 _aYou can win
250 _a1st
260 _c1998
_b"Macmillan,Delhi"
500 _aYES
650 _aGeneral
_bManagement Studies
942 _cBK
999 _c159027
_d159027